| 000 | 00928nam0a22002771 4500 | ||
|---|---|---|---|
| 001 | rc\4661005 | ||
| 005 | 20250611215222.0 | ||
| 021 |
_aRU _b67-21000 |
||
| 021 |
_aRU _bРг4632-67 |
||
| 035 | _a(NLR Aleph) 008416848 | ||
| 090 |
_a9331709 _c9331709 |
||
| 100 | _a20130416d1966 |||y0rusy50 ca | ||
| 101 | 0 | _arus | |
| 102 | _aRU | ||
| 105 | _ay z ||||| | ||
| 200 | 1 |
_aЧтобы дети выросли красивыми _fДом. сан. просвещения Мордов. АССР |
|
| 210 |
_aСаранск _cМорд. кн. изд-во _d1966 |
||
| 215 |
_a8 с. _d16 |
||
| 300 | _aПерепеч. из журн. "Неделя" № 28 за 1966 г. | ||
| 422 | 0 |
_12001#$aНеделя$v№ 28 за 1966 г. _tНеделя |
|
| 700 | 1 |
_aПатлажанова _bН.Н. _gНина Николаевна |
|
| 801 | 0 |
_aRU _bNLR _gpsbo |
|
| 801 | 1 |
_aRU _bELAR _2rusmarc |
|
| 852 |
_aNLR _j67-2/1225 |
||
| 942 | _cBOOK | ||
| 980 | _aNB | ||